3桁人口自治体(2000年) - Statistics

General Stats
  • This quiz has been taken 19 times
  • The average score is 31 of 50
Answer Stats
都道府県 所属郡 人口 Answer % Correct
東京都 203 青ヶ島村
100%
奈良県 吉野郡 915 上北山村
93%
山梨県 北都留郡 866 丹波山村
93%
奈良県 吉野郡 783 野迫川村
93%
鹿児島県 鹿児島郡 756 十島村
93%
島根県 隠岐郡 718 知夫村
93%
和歌山県 東牟婁郡 635 北山村
93%
鹿児島県 鹿児島郡 500 三島村
93%
新潟県 岩船郡 449 粟島浦村
93%
愛知県 北設楽郡 209 富山村
93%
福島県 南会津郡 757 檜枝岐村
87%
沖縄県 島尻郡 523 渡名喜村
87%
東京都 308 御蔵島村
87%
東京都 302 利島村
87%
東京都 0 三宅村
87%
長野県 下伊那郡 741 売木村
80%
高知県 土佐郡 569 大川村
80%
沖縄県 島尻郡 960 粟国村
73%
沖縄県 島尻郡 730 渡嘉敷村
73%
愛媛県 宇摩郡 277 別子山村
73%
長野県 下伊那郡 781 清内路村
67%
長野県 下伊那郡 712 平谷村
67%
沖縄県 島尻郡 671 北大東村
67%
富山県 東礪波郡 997 上平村
60%
福岡県 宗像郡 909 大島村
60%
福井県 大野郡 752 和泉村
60%
和歌山県 伊都郡 614 花園村
60%
岐阜県 揖斐郡 502 藤橋村
60%
愛媛県 越智郡 334 魚島村
60%
長野県 下伊那郡 838 上村
53%
長野県 下伊那郡 793 浪合村
53%
長崎県 西彼杵郡 900 高島町
47%
岡山県 苫田郡 851 富村
47%
奈良県 吉野郡 812 大塔村
47%
岡山県 苫田郡 681 阿波村
47%
岐阜県 揖斐郡 663 坂内村
47%
山梨県 中巨摩郡 613 芦安村
47%
岡山県 苫田郡 948 上齋原村
40%
鹿児島県 薩摩郡 892 鹿島村
40%
愛媛県 上浮穴郡 878 面河村
40%
広島県 佐伯郡 853 吉和村
40%
島根県 隠岐郡 522 布施村
40%
徳島県 那賀郡 957 木沢村
33%
岡山県 真庭郡 801 中和村
33%
高知県 土佐郡 759 本川村
33%
山梨県 東八代郡 590 芦川村
33%
群馬県 多野郡 941 中里村
27%
愛媛県 越智郡 865 関前村
27%
岐阜県 大野郡 814 高根村
27%
石川県 石川郡 731 尾口村
27%
No matching quizzes found
Score Distribution
Percent of People with Each Score
Percentile by Number Answered
Your Score History
You have not taken this quiz